La constitución de 1980 y la ruptura democrática
Salvato in:
| Autore principale: | |
|---|---|
| Natura: | Libro |
| Lingua: | spagnolo |
| Pubblicazione: |
Santiago
Emision
1988
|
| Edizione: | 1a. ed |
| Soggetti: | |
| Tags: |
Aggiungi Tag
Nessun Tag, puoi essere il primo ad aggiungerne!!
|
MARC
| LEADER | 00000nam a2200000 a 4500 | ||
|---|---|---|---|
| 001 | UCK5875 | ||
| 003 | CL-VaPUC | ||
| 008 | 050826e19880800CL |||||||||||||||||spa|d | ||
| 020 | |a 2410136 | ||
| 082 | 0 | 4 | |a 342.83 |b MAI |2 21 |
| 100 | |a Maira A., Luis |e autor |9 392305 | ||
| 245 | 1 | 3 | |a La constitución de 1980 y la ruptura democrática |
| 250 | |a 1a. ed | ||
| 300 | |a 338 p | ||
| 942 | |c BK | ||
| 945 | |d 20050826 00:00:00 |a jcarroza | ||
| 260 | |a Santiago |b Emision |c 1988 | ||
| 600 | 0 | 7 | |a CONSTITUCION POLITICA DE 1980 |2 CL-VaPUC |9 255131 |
| 650 | 7 | |a GOBIERNO Y POLITICA |2 CL-VaPUC |9 383663 | |
| 650 | 7 | |a REGIMEN MILITAR |2 CL-VaPUC |9 356963 | |
| 651 | 7 | |a CHILE |2 CL-VaPUC |9 494900 | |
| 583 | |a last modification |c 20050826 00:00:00 |k Rodrigo Vera | ||
| 999 | |c 314327 |d 314325 | ||
| 952 | |0 0 |1 0 |4 0 |6 342_830000000000000_MAI_1988 |7 0 |8 A |9 386420 |a BIBHIS |b BIBHIS |d 2019-11-22 |i 4159403 |o 342.83 MAI 1988 |p 4159403 |r 2025-01-20 |w 2019-11-22 |y BK |k HIS | ||